000 00781 a2200193 4500
020 _a0195160185
040 _aDLC
_bDLC
082 _a510.2462
100 1 _aPotter, Merle C.
245 1 0 _aAdvanced engineering mathematics
_cMerle C. Potter, J. L. Goldberg, Edward F. Aboufadel.
250 _a3rd ed.
260 _aNew York :
_bOxford University Press,
_c2005.
300 _axii, 739 p. :
_bill. ;
_c25 cm.
520 1 _a"Advanced Engineering Mathematics, 3/e, is ideal for upper-level undergraduate or first-year graduate courses in advanced engineering mathematics, engineering analysis, or applied mathematics."--BK JACKET.
650 0 _aEngineering mathematics.
700 1 _aGoldberg, Jack L.
_d1932-
700 1 _aAboufadel, Edward,
_d1965-
942 _cBK
_k510.2462 POT
_2ddc
999 _c7386
_d7386